| 000 | nam a22 a 4500 | ||
|---|---|---|---|
| 999 |
_c1774 _d1774 |
||
| 003 | AKMAL | ||
| 005 | 20170511155912.0 | ||
| 008 | 170511s1990 my | e | 000 0 eng d | ||
| 020 |
_a9679783138 (pbk) : _cRM9.90 |
||
| 040 | _aAKMAL | ||
| 082 | 0 | 4 | _a338.9595 KOK |
| 090 | 0 | 0 |
_a338.9595 _bKOK |
| 245 | 0 | 4 |
_aThe Malaysian challenges in the 1990s : _bstrategies for growth and development / _cKok Wee Kiat...[et al.] |
| 260 |
_aKuala Lumpur : _bPelanduk Publications for Malaysian Chinese Associations , _c1990 |
||
| 300 |
_aviii, [266]p. ; _c17cm. |
||
| 500 | _aCompilation of papers presented at the Malaysian Chinese Association's National Economic Seminar held in October, 1986 and Executive Summary of the Malaysian Chinese Association's Malaysia Unity Plan | ||
| 650 | 0 |
_aEconomic development _93447 |
|
| 651 | 0 |
_aMalaysia _xEconomic policy _949 |
|
| 651 | 0 |
_aMalaysia _xEconomic conditions _963 |
|
| 700 | 1 |
_aKok, Wee Kiat, _cDato' _93251 |
|
| 710 | 2 |
_aMCA _93668 |
|
| 942 |
_2ddc _cBOOK |
||